000
00245nam a2200097Ia 4500
001
753334
005
20250826164720.0
008
250824s9999 xx 000 0 und d
245
0
_a
ESKİCİ VE OĞULLARI
_c
ŞEVKET RADO
260
_b
BİLĞE YAYINLARI
999
_c
753334
_d
753334